| 000 | 00728nam a22002537a 4500 | ||
|---|---|---|---|
| 001 | BR9510859 | ||
| 003 | BR-BrBNA | ||
| 005 | 20230928094840.0 | ||
| 007 | ta | ||
| 008 | 230509b bl.||||| |||| 00| 0 por d | ||
| 040 |
_aBR-BrBNA _bpor _cBiblioteca Nacional de Agricultura |
||
| 041 | _a(Por) | ||
| 072 |
_aL01 _b5250 _b9410 |
||
| 090 | _ 5250 BR9510859 | ||
| 110 | 1 | _aAssociacao de Credito e Assistencia Rural do Espirito Santo, Vitoria (Brasil) | |
| 245 | 1 | _aLeite de cabra. Complete sua alimentacao crie cabra - e a solucao | |
| 260 | 3 |
_aVitoria, ES (Brasil): _c[nd]. |
|
| 300 | _a[vp] | ||
| 650 | _aColera | ||
| 650 | _aLeite de Cabra | ||
| 650 | _aCriacao | ||
| 909 |
_a202309 _bLucia _c55 _dLucia Elande |
||
| 942 | _cBK | ||
| 999 |
_c53001 _d53001 |
||